期刊信息 |
| 索取号 |
E95/HSHDG
|
| 题名 |
海事大观
|
| 作者 |
海事大观编辑部
|
| 分册号 |
|
| 分册名 |
|
| 出版地 |
北京
|
| 出版者 |
海事大观杂志社
|
| 标准刊号 |
1009-5586
|
| 出版频率 |
月刊
|
| 中图法分类 |
E95
|
| 主题词 |
国防工程
|
| 电子资源 | |
| |
|
| 000 | 00605nas0 2200217 45 | |
| 001 | 0552564906 | |
| 005 | 20210916164426.71 | |
| 011 | @a1009-5586@dCNY4.60(2004) | |
| 092 | @b2-700 | |
| 100 | @a20051013d km y0chiy0120 ea | |
| 101 | 0 | @achi |
| 102 | @aCN@b110000 | |
| 200 | 1 | @a海事大观@AHai Shi Da Guan@f海事大观编辑部@FHai Shi Da Guan Bian Ji Bu |
| 210 | @a北京@c海事大观杂志社 | |
| 300 | @a2008(1-2)未装订存于密集书库1 | |
| 326 | @a月刊 | |
| 606 | 0 | @a国防工程 |
| 690 | @aE95@v4 | |
| 711 | 0 | @a海事大观编辑部@AHai Shi Da Guan Bian Ji Bu |
| 801 | 0 | @aCN@bPFT@c20070420 |
| 905 | @aTJWY@dE95@eHSHDG | |
| 海事大观/海事大观编辑部.-北京:海事大观杂志社 |
| 2008(1-2)未装订存于密集书库1 |
| ISSN 1009-5586:CNY4.60(2004) |
| ● |
| 相关链接: |
|
|
|
|